00578nam a2200217Ia 4500008004100000020001800041050001700059050001800076100002400094245004300118245004000161250001700201260001600218260002200234260000900256300001500265300002000280300001100300500002000311650002900331180523s9999 xx 000 0 und d a978-254-152-7 aMAIN HG 4026 b.B75 2004 c.3 aBrigham, Eugene F.  0aFundamentals of financial management / 0cEugene F. Brigham, Joel F. Houston. a10th Edition aSingapore : bThomson Learning, c2004 a831 pages: billustrations ; c24 cm. aIncludes index. aCorporations -- Finance.